| 000 | 00345nam a2200133Ia 4500 | ||
|---|---|---|---|
| 008 | 240624s9999 xx 000 0 und d | ||
| 041 | _aeng | ||
| 082 | _a332.642 COL | ||
| 100 | _aCOLLINS SEAN M | ||
| 245 | _aEXPERIMENTS IN FINANCIAL ECONOMICS | ||
| 260 |
_c2013 _aUnited Kingdom _bEmerald |
||
| 300 | _avii, 170 p.; 23 cm. | ||
| 365 |
_cBPS _b38 |
||
| 999 |
_c30524 _d30524 |
||